000
00468nam a2200145Ia 4500
008
151213s9999 xx 000 0 und d
100
_a
পপি চেীধুরী।
245
_a
মুক্তি
_c
পপি চেীধুরী।
260
_a
ঢাকা
_b
প্রিতম প্রর্কাশ।
_c
2007
300
_a
8720 p.
650
_a
Bangla
650
_a
উপন্যাস
700
_a
পপি চেীধুরী।
999
_c
4506
_d
4506